Reverend Insanity - Venerables - Statistics

General Stats
  • This quiz has been taken 48 times
    42 since last reset
  • The average score is 9 of 11
Answer Stats
Venerable Main Path % Correct
Spectral Soul Immortal Venerable Soul Path
97%
Red Lotus Demon Venerable Time Path
97%
Star Constellation Immortal Venerable Wisdom Path
97%
Giant Sun Immortal Venerable Luck Path
93%
Primordial Origin Immortal Venerable Qi Path
93%
Paradise Earth Immortal Venerable Earth Path
90%
Reckless Savage Demon Venerable Strength Path
83%
Limitless Demon Venerable Rule Path
80%
Theiving Heaven Demon Venerable Theft Path
80%
Genesis Lotus Immortal Venerable Wood Path
63%
Heaven Refining Demon Venerable/Great Love Immortal Venerable Refinement Path
37%
No matching quizzes found
Score Distribution
Percent of People with Each Score
Percentile by Number Answered
Your Score History
You have not taken this quiz since the last reset